书目信息 |
| 题名: |
农药污染与防治
|
|
| 作者: | 张大弟张晓红 编著 | |
| 分册: | ||
| 出版信息: | 北京 化学工业出版社 2001.04 |
|
| 页数: | 207页 | |
| 开本: | 20cm | |
| 丛书名: | ||
| 单 册: | ||
| 中图分类: | X592 | |
| 科图分类: | ||
| 主题词: | 肥料污染 , 肥料污染--污染防治 , 农药污染 , 农药污染--污染防治 , 农药残留物 , 农药残留物--污染防治 | |
| 电子资源: | ||
| ISBN: | 7-5025-3159-9 | |
| 000 | 00752nam0 2200253 45 | |
| 001 | 0238443239 | |
| 005 | 2002032010404323 | |
| 010 | @a7-5025-3159-9@dRMB 18.00 | |
| 100 | @a20020320d2001 km y0chiy0120 ea | |
| 101 | 0 | @achi |
| 102 | @aCN@b110000 | |
| 200 | 1 | @a农药污染与防治@ANong Yao Wu Ran Yu Fang Zhi@f张大弟张晓红编著@FZhang Da Di Zhang Xiao Hong Bian Zhu |
| 210 | @a北京@c化学工业出版社@d2001.04 | |
| 215 | @a207页@d20cm | |
| 606 | 0 | @a肥料污染 |
| 606 | 0 | @a肥料污染@x污染防治 |
| 606 | 0 | @a农药污染 |
| 606 | 0 | @a农药污染@x污染防治 |
| 606 | 0 | @a农药残留物 |
| 606 | 0 | @a农药残留物@x污染防治 |
| 690 | @aX592@v3 | |
| 701 | 0 | @a张大弟张晓红@AZhang Da Di Zhang Xiao Hong@4编著 |
| 801 | 0 | @aCN@bPFT@c20020320 |
| 905 | @a安徽大学@dX592@eZ090 | |
| 农药污染与防治/张大弟张晓红编著.-北京:化学工业出版社,2001.04 |
| 207页;20cm |
| ISBN 7-5025-3159-9:RMB 18.00 |
| ● |
| 相关链接 |
|
|
|
正题名:农药污染与防治
索取号:X592/Z090
 
预约/预借
| 序号 | 登录号 | 条形码 | 馆藏地/架位号 | 状态 | 备注 |
| 1 | 352844 | 203528441 | 期刊室512/501自科库 102排2列4层/ [索取号:X592/Z090] | 在馆 | |
| 2 | 352845 | 203528450 | 自科库501/501自科库 102排2列4层/ [索取号:X592/Z090] | 在馆 | |
| 3 | 352846 | 203528469 | 期刊室512/501自科库 102排2列4层/ [索取号:X592/Z090] | 在馆 |